Nuovi racconti di San Francisco : Tales of the city 2 /
I tiakina i:
| Kaituhi matua: | |
|---|---|
| Ētahi atu kaituhi: | , |
| Hōputu: | Pukapuka |
| Reo: | Itāriana |
| I whakaputaina: |
Milano :
Rizzoli,
2003
|
| Rangatū: | La scala
|
| Ngā Tūtohu: |
Kāore He Tūtohu, Me noho koe te mea tuatahi ki te tūtohu i tēnei pūkete!
|
MARC
| LEADER | 00000nam a2200000 i 4500 | ||
|---|---|---|---|
| 001 | IT\ICCU\UBO\2303782 | ||
| 003 | ItRI | ||
| 005 | 20260226163132.0 | ||
| 008 | 030929s2003 it |||||| ||||| |||||c | ||
| 015 | |2 IT |a 2004-2024 | ||
| 020 | |a 8817872733 | ||
| 040 | |b ita |c C | ||
| 041 | 7 | |a ita |2 ISO-639-2 | |
| 082 | |a 813.54 |2 21 | ||
| 100 | 1 | |a Maupin, Armistead |0 IT\ICCU\LO1V\194253 |4 aut | |
| 240 | 1 | 0 | |a More tales of the city. |9 Maupin, Armistead |
| 245 | 1 | 0 | |a Nuovi racconti di San Francisco : |b Tales of the city 2 / |c Armistead Maupin ; traduzione di Valentina Guani ed Elisabetta Humouda. |
| 246 | 1 | 3 | |a Tales of the city 2. |
| 260 | |a Milano : |b Rizzoli, |c 2003 | ||
| 300 | |a 458 p. ; |c 19 cm. | ||
| 700 | 1 | |a Guani, Valentina |0 IT\ICCU\CFIV\107403 | |
| 700 | 1 | |a Humouda, Elisabetta |0 IT\ICCU\TO0V\446911 | |
| 830 | 3 | |a La scala |0 IT\ICCU\CFI\0000061 | |
| 942 | |2 ddc |c BK | ||
| 952 | |0 0 |1 0 |2 ddc |4 0 |6 813_540000000000000_MAU_NUO |7 1 |9 462 |a GE |b GE |d 2019-10-28 |l 0 |o 813.54 MAU NUO |p 3461 |r 2023-12-15 22:43:24 |w 2023-12-15 |y BK | ||
| 952 | |0 0 |1 0 |2 ddc |4 0 |7 0 |9 7309 |a MI |b MI |d 2010-02-12 |i 5818 |l 0 |p CDOM5818 |r 2025-07-13 16:28:36 |w 2025-07-13 |x ACQUISTO |y BK | ||
| 952 | |0 0 |1 0 |4 0 |6 DOC_813_540000000000000_MAU |7 0 |9 15342 |a BO |b BO |d 2026-01-15 |i 8072 |l 0 |o DOC 813.54 MAU |p BO8072 |r 2026-01-15 23:19:02 |w 2026-01-15 |x [Sebina 5] [1 v.] |y BK |z 1 v. | ||
| 999 | |c 370 |d 370 | ||